Lola Anglada i l'ideal del llibre / Textos : Montserrat Castillo, Teresa Maña Terré, Maria Rius Montserrat Castillo, Teresa Maña Terré, Maria Rius
ISBN:
84-9803-048-X
Descripción Física:
143 p.: majoritariament il. col. ; 22 cm
MARC
| LEADER | 00000nam a2200000Ia 4500 | ||
|---|---|---|---|
| 001 | 16977 | ||
| 008 | 160829s9999 xx 000 0 cat d | ||
| 020 | |a 84-9803-048-X | ||
| 080 | |a B-2-84 | ||
| 100 | |a Castillo, Montserrat |9 33432 | ||
| 245 | |a Lola Anglada i l'ideal del llibre / Textos : |b Montserrat Castillo, Teresa Maña Terré, Maria Rius | ||
| 260 | |a [Barcelona] : |b Institut d'Edicions de la Diputació de Barcelona, DL 2005 | ||
| 300 | |a 143 p.: |b majoritariament il. col. ; |c 22 cm | ||
| 590 | |a Catàleg de l'exposició que, amb el mateix títol, ha coordinat l'Area de Cultura de la Diputació de Barcelona | ||
| 650 | |a Il·lustració de llibres |x Exposicions |9 33433 | ||
| 650 | |a Literatura infantil |9 33434 | ||
| 700 | 1 | |a Mañà, Teresa |9 40088 | |
| 700 | 1 | |a Rius, Maria, |d 1938- |9 33436 | |
| 710 | 1 | |a Barcelona (Catalunya : Província). |b Àrea de Cultura |9 53536 | |
| 901 | |a Arxiu | ||
| 942 | |n 1 | ||
| 952 | |0 0 |1 0 |4 0 |6 B284 |7 1 |9 46295 |a Arxiu |b Arxiu |d 2016-12-01 |l 0 |o B-2-84 |p 16977 |r 2016-12-01 00:00:00 |w 2016-12-01 |y ARXIU | ||
| 999 | |c 49802 |d 49802 | ||